Normal view
MARC view
- اعداد سالم، توفيق
Entry Personal Name
001 - CONTROL NUMBER
- control field: 46923
003 - CONTROL NUMBER IDENTIFIER
- control field: JO-AjAnu
005 - DATE AND TIME OF LATEST TRANSACTION
- control field: 20230606081742.0
008 - FIXED-LENGTH DATA ELEMENTS
- fixed length control field: 230606|| aca||aabn | a|a d
040 ## - CATALOGING SOURCE
- Original cataloging agency: JO-AjAnu
- Transcribing agency: JO-AjAnu
100 ## - HEADING--PERSONAL NAME
- Personal name: اعداد سالم، توفيق
670 ## - SOURCE DATA FOUND
- Source citation: Work cat.: (JO-AjAnu)24016: اعداد سالم، توفيق , author, المبادئ القانونية لمحكمة التمييز في القضايا الجزائية المنشورة في مجلة نقابة المحامين منذ بداية سنة 1953 حتى نهاية سنة 1982، الجزء الاول